[Event "BI-2013-P-00008"]
[Site "LSS email"]
[Date "2013.04.22"]
[Round "?"]
[White "Ladeira, Paulo Ribeiro Soare"]
[Black "Odunaiya, David"]
[Result "1-0"]
[WhiteElo "869"]
[BlackElo "1075"]
[PlyCount "43"]
[EventDate "2013.04.25"]
[EventType "tourn (corr)"]
[EventRounds "12"]
[EventCountry "GER"]
[SourceTitle "Telechess CBM 161"]
[Source "ChessBase"]
[SourceDate "2014.07.16"]
[SourceVersion "1"]
[SourceVersionDate "2014.07.16"]
[SourceQuality "1"]

1. b4 Nf6 2. Bb2 e6 3. Nf3 Bxb4 4. a3 Be7 5. e3 d5 6. d4 0-0 7. c4 c5 8. Nbd2 Nc6 9. Be2 a6 10. dxc5 Bxc5 11. 0-0 Qe7 12. Qc2 dxc4 13. Bxc4 b5 14. Ng5 e5 15. Bxf7+ Rxf7 16. Nxf7 Kxf7 17. Rac1 Nd7 18. Ne4 Nd4 19. exd4 Bxd4 20. Bxd4 exd4 21. Qc6 Rb8 22. Nd6+ 1-0

[Event "BI-2013-P-00008"]
[Site "LSS email"]
[Date "2013.04.22"]
[Round "?"]
[White "Odunaiya, David"]
[Black "Boehme, Sebastian"]
[Result "0-1"]
[WhiteElo "1075"]
[BlackElo "2309"]
[PlyCount "42"]
[EventDate "2013.04.25"]
[EventType "tourn (corr)"]
[EventRounds "12"]
[EventCountry "GER"]
[SourceTitle "Telechess CBM 161"]
[Source "ChessBase"]
[SourceDate "2014.07.16"]
[SourceVersion "1"]
[SourceVersionDate "2014.07.16"]
[SourceQuality "1"]

1. d4 f5 2. Bg5 g6 3. g4 fxg4 4. e4 d5 5. e5 c5 6. c3 Nc6 7. Be2 Qb6 8. Bxg4 Bxg4 9. Qxg4 Qxb2 10. Ne2 Qxa1 11. 0-0 Nh6 12. Qe6 Qxa2 13. Nf4 Nd8 14. Qxd5 Qxd5 15. Nxd5 Ne6 16. dxc5 Nxg5 17. Nc7+ Kd7 18. Nxa8 Bg7 19. f4 Ne6 20. Nb6+ axb6 21. cxb6 Rf8 0-1

[Event "BI-2013-P-00008"]
[Site "LSS email"]
[Date "2013.04.22"]
[Round "?"]
[White "Perez, Giorgio"]
[Black "Odunaiya, David"]
[Result "1-0"]
[WhiteElo "1716"]
[BlackElo "1075"]
[PlyCount "31"]
[EventDate "2013.04.25"]
[EventType "tourn (corr)"]
[EventRounds "12"]
[EventCountry "GER"]
[SourceTitle "Corr 2015"]
[Source "ChessBase"]
[SourceDate "2015.07.17"]
[SourceVersion "1"]
[SourceVersionDate "2015.07.17"]
[SourceQuality "1"]

1. e4 c5 2. Nf3 d6 3. d4 cxd4 4. Nxd4 Nf6 5. Nc3 g6 6. f3 Bg7 7. Be3 a6 8. Bc4 b5 9. Bb3 Bb7 10. Qd2 Nbd7 11. a3 Nc5 12. Ba2 Rc8 13. Bh6 Bxh6 14. Qxh6 e5 15. Qg7 Rg8 16. Qxf7# 1-0

[Event "BI-2013-P-00008"]
[Site "LSS email"]
[Date "2013.04.22"]
[Round "?"]
[White "Sienkiewicz, Wojciech"]
[Black "Odunaiya, David"]
[Result "1-0"]
[WhiteElo "2156"]
[BlackElo "1075"]
[PlyCount "43"]
[EventDate "2013.04.25"]
[EventType "tourn (corr)"]
[EventRounds "12"]
[EventCountry "GER"]
[SourceTitle "Telechess CBM 161"]
[Source "ChessBase"]
[SourceDate "2014.07.16"]
[SourceVersion "1"]
[SourceVersionDate "2014.07.16"]
[SourceQuality "1"]

1. e4 c5 2. Nf3 d6 3. d4 cxd4 4. Nxd4 Nf6 5. Nc3 g6 6. Be3 a6 7. f3 b5 8. Qd2 Bg7 9. a4 b4 10. Na2 a5 11. Bb5+ Bd7 12. 0-0 0-0 13. c3 b3 14. Nc1 Bxb5 15. axb5 Qd7 16. c4 Rc8 17. Ra4 Na6 18. Ncxb3 Nc5 19. Nxc5 dxc5 20. Nc6 Qc7 21. Rfa1 Bf8 22. Rxa5 1-0

[Event "LSS No Engine Cup 86 Preliminary 5"]
[Site "LSS email"]
[Date "2013.04.21"]
[Round "?"]
[White "Odunaiya, David"]
[Black "Krebs, Hans Joachim"]
[Result "0-1"]
[WhiteElo "1075"]
[BlackElo "1660"]
[PlyCount "68"]
[EventDate "2013.04.22"]
[EventType "tourn (corr)"]
[EventRounds "6"]
[EventCountry "GER"]
[SourceTitle "Telechess CBM 161"]
[Source "ChessBase"]
[SourceDate "2014.07.16"]
[SourceVersion "1"]
[SourceVersionDate "2014.07.16"]
[SourceQuality "1"]

1. d4 Nf6 2. c4 c5 3. d5 b5 4. a4 b4 5. f3 d6 6. e4 Nbd7 7. b3 g6 8. Bb2 Bg7 9. Bd3 0-0 10. f4 Nh5 11. Bxg7 Kxg7 12. Qf3 e5 13. f5 Nf4 14. Bc2 Qg5 15. g3 Nh5 16. Nd2 Ndf6 17. Nh3 Qg4 18. Qg2 gxf5 19. exf5 Bxf5 20. Nf2 Qd4 21. Rc1 e4 22. Nd1 Rae8 23. h3 Bg6 24. Rf1 Qe5 25. Ne3 Qxg3+ 26. Qxg3 Nxg3 27. Rg1 Nfh5 28. Kf2 f5 29. Ndf1 f4 30. Ng4 Nf5 31. Kg2 Nd4 32. Bd1 e3 33. Bf3 Nxb3 34. Re1 Nd4 0-1

[Event "RE-2013-0-00110"]
[Site "LSS email"]
[Date "2013.04.18"]
[Round "?"]
[White "Odunaiya, David"]
[Black "Kobryn, Krystian"]
[Result "0-1"]
[WhiteElo "1075"]
[BlackElo "1444"]
[PlyCount "36"]
[EventDate "2013.01.19"]
[EventType "tourn (corr)"]
[EventRounds "6"]
[EventCountry "GER"]
[SourceTitle "Corr 2015"]
[Source "ChessBase"]
[SourceDate "2015.07.17"]
[SourceVersion "1"]
[SourceVersionDate "2015.07.17"]
[SourceQuality "1"]

1. d4 d5 2. Nf3 Nf6 3. Bf4 Bf5 4. e3 e6 5. Be2 Bd6 6. Nbd2 Bxf4 7. exf4 Qd6 8. Ne5 Qb4 9. g4 Bg6 10. Nxg6 hxg6 11. Kf1 Qxd4 12. g5 Ne4 13. Qe1 Nxd2+ 14. Kg2 Qxf4 15. f3 Qxg5+ 16. Kf2 Rh4 17. Rd1 Ne4+ 18. fxe4 Rf4+ 0-1

[Event "SE-2013-0-00139"]
[Site "LSS email"]
[Date "2013.04.16"]
[Round "?"]
[White "Odunaiya, David"]
[Black "Kochubej, Eduard"]
[Result "0-1"]
[WhiteElo "1074"]
[BlackElo "1229"]
[PlyCount "44"]
[EventDate "2013.03.11"]
[EventType "tourn (corr)"]
[EventRounds "6"]
[EventCountry "GER"]
[SourceTitle "Telechess CBM 167"]
[Source "ChessBase"]
[SourceDate "2015.07.13"]
[SourceVersion "1"]
[SourceVersionDate "2015.07.13"]
[SourceQuality "1"]

1. d4 d5 2. Nf3 Nf6 3. Bf4 g6 4. e3 Bg7 5. h3 0-0 6. Bd3 c5 7. c3 Nc6 8. Nbd2 Nh5 9. Bh2 cxd4 10. exd4 Bh6 11. 0-0 Nf4 12. Bc2 f6 13. Bxf4 Bxf4 14. Re1 e5 15. Bb3 Kg7 16. dxe5 fxe5 17. Nf1 e4 18. Nd4 Ne5 19. Ne3 Qh4 20. Bxd5 Bxh3 21. Bxe4 Bh2+ 22. Kf1 Qxf2# 0-1

[Event "RE-2013-0-00110"]
[Site "LSS email"]
[Date "2013.04.16"]
[Round "?"]
[White "Perez, Alberto F"]
[Black "Odunaiya, David"]
[Result "1-0"]
[WhiteElo "1512"]
[BlackElo "1075"]
[PlyCount "57"]
[EventDate "2013.01.19"]
[EventType "tourn (corr)"]
[EventRounds "6"]
[EventCountry "GER"]
[SourceTitle "Telechess CBM 161"]
[Source "ChessBase"]
[SourceDate "2014.07.16"]
[SourceVersion "1"]
[SourceVersionDate "2014.07.16"]
[SourceQuality "1"]

1. e4 c5 2. Nf3 d6 3. d4 cxd4 4. Nxd4 Nf6 5. Nc3 g6 6. Be3 Bg7 7. f3 a6 8. Qd2 b5 9. a3 Bb7 10. Be2 Nbd7 11. 0-0 Rc8 12. Rad1 Ne5 13. Bh6 0-0 14. Bxg7 Kxg7 15. Qg5 e6 16. Qe3 Nc4 17. Bxc4 Rxc4 18. e5 Nd5 19. Nxd5 Bxd5 20. f4 f5 21. Rfe1 Re8 22. Qf2 dxe5 23. Rxe5 Qa8 24. h4 Be4 25. Nxe6+ Kg8 26. Rd7 Rxc2 27. Qd4 Rxg2+ 28. Kf1 Bc2 29. Re3 1-0

[Event "SE-2013-0-00139"]
[Site "LSS email"]
[Date "2013.04.16"]
[Round "?"]
[White "Pons, Francisco"]
[Black "Odunaiya, David"]
[Result "1-0"]
[WhiteElo "1282"]
[BlackElo "1074"]
[PlyCount "53"]
[EventDate "2013.03.11"]
[EventType "tourn (corr)"]
[EventRounds "6"]
[EventCountry "GER"]
[SourceTitle "Telechess CBM 167"]
[Source "ChessBase"]
[SourceDate "2015.07.13"]
[SourceVersion "1"]
[SourceVersionDate "2015.07.13"]
[SourceQuality "1"]

1. e4 c5 2. Nf3 d6 3. d4 cxd4 4. Nxd4 Nf6 5. Nc3 a6 6. Bg5 e5 7. Bxf6 gxf6 8. Nb3 Be6 9. Qd3 Nc6 10. 0-0-0 Rc8 11. Kb1 b5 12. Nd5 Bxd5 13. Qxd5 Be7 14. g3 Nb4 15. Qd2 Nxc2 16. Bh3 Rc4 17. Na5 Rc7 18. Rc1 Nd4 19. Rxc7 Qxc7 20. Rc1 Qa7 21. Rc8+ Bd8 22. Nc6 Nxc6 23. Qxd6 Qe7 24. Qxc6+ Kf8 25. Qxa6 Kg7 26. Qxb5 Bc7 27. Rxh8 1-0

[Event "OP-2013-0-02653"]
[Site "LSS email"]
[Date "2013.04.15"]
[Round "?"]
[White "Lehnberger, Karl"]
[Black "Odunaiya, David"]
[Result "1-0"]
[WhiteElo "2142"]
[BlackElo "1075"]
[PlyCount "39"]
[EventDate "2013.02.16"]
[EventType "tourn (corr)"]
[EventRounds "4"]
[EventCountry "GER"]
[SourceTitle "Telechess CBM 161"]
[Source "ChessBase"]
[SourceDate "2014.07.16"]
[SourceVersion "1"]
[SourceVersionDate "2014.07.16"]
[SourceQuality "1"]

1. d4 c6 2. e4 d5 3. e5 Bf5 4. h4 h6 5. g4 Be4 6. f3 Bh7 7. e6 fxe6 8. Bd3 Bxd3 9. Qxd3 Qb6 10. Ne2 Na6 11. Qg6+ Kd7 12. Nbc3 Nf6 13. Bf4 c5 14. 0-0-0 Rc8 15. dxc5 Nxc5 16. Nd4 a5 17. Rhe1 a4 18. Nxe6 Nxe6 19. Nxd5 Nxd5 20. Rxd5+ 1-0

[Event "SE-2013-0-00139"]
[Site "LSS email"]
[Date "2013.04.13"]
[Round "?"]
[White "Odunaiya, David"]
[Black "Grimm, Wolfgang"]
[Result "0-1"]
[WhiteElo "1074"]
[BlackElo "1145"]
[PlyCount "49"]
[EventDate "2013.03.11"]
[EventType "tourn (corr)"]
[EventRounds "6"]
[EventCountry "GER"]
[SourceTitle "Telechess CBM 167"]
[Source "ChessBase"]
[SourceDate "2015.07.13"]
[SourceVersion "1"]
[SourceVersionDate "2015.07.13"]
[SourceQuality "1"]

1. d4 d5 2. Nf3 Nf6 3. Bf4 e6 4. e3 Be7 5. Bd3 Nh5 6. Be5 f6 7. Nfd2 g5 8. Qxh5+ Kd7 9. Bg3 Nc6 10. a3 f5 11. c4 dxc4 12. Nxc4 Qe8 13. Qd1 Rf8 14. Ne5+ Kd8 15. h3 f4 16. Bh2 Nxe5 17. dxe5 fxe3 18. 0-0 exf2+ 19. Kh1 Bc5 20. Qc2 Bd4 21. Nd2 Qc6 22. Qd1 Bxb2 23. Be4 Qd7 24. Ra2 Bc3 25. Qe2 0-1

[Event "LSS No Engine Cup 41 Preliminary 1"]
[Site "LSS email"]
[Date "2011.04.17"]
[Round "?"]
[White "Lombardi, Donato"]
[Black "Odunaiya, David"]
[Result "1-0"]
[WhiteElo "856"]
[BlackElo "1231"]
[PlyCount "45"]
[EventDate "2011.04.18"]
[EventType "tourn (corr)"]
[EventRounds "6"]
[EventCountry "GER"]
[SourceTitle "Telechess CBM 151"]
[Source "ChessBase"]
[SourceDate "2012.11.13"]
[SourceVersion "1"]
[SourceVersionDate "2012.11.13"]
[SourceQuality "1"]

1. e4 c5 2. Nf3 d6 3. d4 cxd4 4. Nxd4 Nf6 5. Nc3 g6 6. Bg5 Bg7 7. Bd3 Nc6 8. Nf3 0-0 9. 0-0 Bg4 10. Re1 Rc8 11. h3 Bxf3 12. Qxf3 Ne5 13. Qe2 Nxd3 14. cxd3 h6 15. Bh4 g5 16. Bg3 e5 17. Rad1 Re8 18. f3 Nh5 19. Bh2 Nf4 20. Bxf4 gxf4 21. Nd5 Qh4 22. Qf2 Qg5 23. h4 1-0

[Event "BI-2011-P-00002"]
[Site "LSS email"]
[Date "2011.04.17"]
[Round "?"]
[White "Odunaiya, David"]
[Black "Balazs, Gabor"]
[Result "0-1"]
[WhiteElo "1231"]
[BlackElo "687"]
[PlyCount "44"]
[EventDate "2011.04.20"]
[EventType "tourn (corr)"]
[EventRounds "10"]
[EventCountry "GER"]
[SourceTitle "Telechess CBM 151"]
[Source "ChessBase"]
[SourceDate "2012.11.13"]
[SourceVersion "1"]
[SourceVersionDate "2012.11.13"]
[SourceQuality "1"]

1. d4 d5 2. c4 c6 3. Nf3 Nf6 4. g3 Bg4 5. Bg2 e6 6. 0-0 Nbd7 7. cxd5 exd5 8. Nc3 Bd6 9. h3 Bxf3 10. Bxf3 0-0 11. Qc2 Re8 12. a3 a6 13. e4 dxe4 14. Nxe4 Nxe4 15. Bxe4 Nf6 16. Bf5 b5 17. Bg5 h6 18. Bd2 Re2 19. Bd3 Re7 20. Rae1 Rxe1 21. Rxe1 Rc8 22. g4 Nxg4 0-1

[Event "BI-2011-P-00002"]
[Site "LSS email"]
[Date "2011.04.17"]
[Round "?"]
[White "Odunaiya, David"]
[Black "Molina, Vicente Andres"]
[Result "0-1"]
[WhiteElo "1231"]
[BlackElo "793"]
[PlyCount "72"]
[EventDate "2011.04.20"]
[EventType "tourn (corr)"]
[EventRounds "10"]
[EventCountry "GER"]
[SourceTitle "Telechess CBM 151"]
[Source "ChessBase"]
[SourceDate "2012.11.13"]
[SourceVersion "1"]
[SourceVersionDate "2012.11.13"]
[SourceQuality "1"]

1. d4 Nf6 2. c4 g6 3. Nf3 Bg7 4. g3 c6 5. Bg2 0-0 6. 0-0 d6 7. Nc3 Qc7 8. Bf4 Nh5 9. Bg5 f6 10. Bd2 e5 11. e4 Nd7 12. d5 cxd5 13. Nxd5 Qd8 14. b4 Nb6 15. h3 Nxc4 16. Rc1 Nxd2 17. Qxd2 Be6 18. Nc7 Qe7 19. Nxa8 Rxa8 20. Rc2 h6 21. Rd1 Rd8 22. Nh4 Kh7 23. Qe2 Qf7 24. Kh2 f5 25. Bf3 Nf6 26. Rcd2 fxe4 27. Bxe4 Nxe4 28. Qxe4 d5 29. Qc2 e4 30. f3 exf3 31. Rf1 Rc8 32. Qd3 Rc3 33. Qb1 Bf5 34. Nxf5 gxf5 35. Rdf2 Kg6 36. Rxf3 Rxf3 0-1

[Event "BI-2011-P-00002"]
[Site "LSS email"]
[Date "2011.04.17"]
[Round "?"]
[White "Suarez, Rolando"]
[Black "Odunaiya, David"]
[Result "1-0"]
[WhiteElo "1722"]
[BlackElo "1231"]
[PlyCount "49"]
[EventDate "2011.04.20"]
[EventType "tourn (corr)"]
[EventRounds "10"]
[EventCountry "GER"]
[SourceTitle "Telechess CBM 151"]
[Source "ChessBase"]
[SourceDate "2012.11.13"]
[SourceVersion "1"]
[SourceVersionDate "2012.11.13"]
[SourceQuality "1"]

1. Nf3 Nf6 2. d4 e6 3. c4 Bb4+ 4. Bd2 Be7 5. g3 b6 6. Bg2 Bb7 7. Nc3 d6 8. d5 e5 9. Nh4 Nfd7 10. Nf5 Bf6 11. 0-0 a5 12. a3 Na6 13. Nb5 Nf8 14. Qa4 Qd7 15. Bh3 Kd8 16. Nfxd6 Qxh3 17. Nxb7+ Ke7 18. Nxc7 Nd7 19. d6+ Kf8 20. Nxa8 g6 21. Bh6+ Qxh6 22. Qxd7 Kg7 23. Nc7 Nc5 24. Nxc5 bxc5 25. Ne6+ 1-0

[Event "RE-2011-0-00059"]
[Site "LSS email"]
[Date "2011.04.06"]
[Round "?"]
[White "Laureles, Raymundo"]
[Black "Odunaiya, David"]
[Result "1-0"]
[WhiteElo "1288"]
[BlackElo "1302"]
[PlyCount "59"]
[EventDate "2011.03.01"]
[EventType "tourn (corr)"]
[EventRounds "6"]
[EventCountry "GER"]
[SourceTitle "Telechess CBM 147"]
[Source "ChessBase"]
[SourceDate "2012.03.16"]
[SourceVersion "1"]
[SourceVersionDate "2012.03.16"]
[SourceQuality "1"]

1. e4 c5 2. Nf3 d6 3. d4 cxd4 4. Nxd4 Nf6 5. Nc3 g6 6. f3 Bg7 7. Be3 a6 8. Qd2 Nbd7 9. 0-0-0 Qc7 10. h4 b5 11. a3 Bb7 12. g4 h6 13. h5 Ne5 14. hxg6 Nxg6 15. Nf5 Bf8 16. Nxh6 Rc8 17. g5 Nd7 18. f4 e6 19. Qf2 Nc5 20. Bg2 Bg7 21. f5 exf5 22. exf5 Ne5 23. Bxc5 dxc5 24. f6 Bxh6 25. Rxh6 Rxh6 26. gxh6 Kf8 27. h7 Ng6 28. Qh4 Nh8 29. Qg5 Ng6 30. h8Q+ 1-0

[Event "SB-2011-0-00138"]
[Site "LSS email"]
[Date "2011.03.15"]
[Round "?"]
[White "Naess, Jan Olav"]
[Black "Odunaiya, David"]
[Result "1-0"]
[WhiteElo "1940"]
[BlackElo "1231"]
[PlyCount "35"]
[EventDate "2011.02.19"]
[EventType "tourn (corr)"]
[EventRounds "6"]
[EventCountry "GER"]
[SourceTitle "Telechess CBM 149"]
[Source "ChessBase"]
[SourceDate "2012.07.17"]
[SourceVersion "1"]
[SourceVersionDate "2012.07.17"]
[SourceQuality "1"]

1. d4 Nf6 2. Bg5 Ne4 3. Bf4 d5 4. f3 Nf6 5. e3 e6 6. Bd3 c5 7. Nc3 c4 8. Be2 Bb4 9. Nh3 Nc6 10. Qd2 b5 11. 0-0 0-0 12. a3 Bxc3 13. Qxc3 a5 14. Bg5 h6 15. Bh4 g5 16. Bg3 Nh5 17. Bf2 f5 18. b3 1-0

[Event "LSS SB-2010-0-00114"]
[Site "LSS email"]
[Date "2010.10.23"]
[Round "?"]
[White "Avellan, Gerardo"]
[Black "Odunaiya, David"]
[Result "1-0"]
[WhiteElo "1947"]
[BlackElo "1296"]
[PlyCount "49"]
[EventDate "2010.09.26"]
[EventType "tourn (corr)"]
[EventRounds "6"]
[EventCountry "GER"]
[SourceTitle "Telechess CBM 145"]
[Source "Chessbase"]
[SourceDate "2011.11.11"]
[SourceVersion "1"]
[SourceVersionDate "2011.11.11"]
[SourceQuality "1"]

1. e4 c5 2. Nf3 d6 3. d4 cxd4 4. Nxd4 Nf6 5. Nc3 g6 6. f3 Bg7 7. Be3 a6 8. Qd2 Nc6 9. 0-0-0 Qc7 10. g4 h6 11. Kb1 b5 12. Nxc6 Qxc6 13. e5 Nd7 14. exd6 Bxc3 15. bxc3 exd6 16. Bd4 Rh7 17. h4 Bb7 18. Re1+ Kf8 19. h5 Qxf3 20. hxg6 fxg6 21. Rxh6 Qf7 22. Rxh7 Qxh7 23. Qf4+ Kg8 24. Qxd6 Rf8 25. Bd3 1-0

[Event "OP-2010-0-01294"]
[Site "LSS email"]
[Date "2010.10.22"]
[Round "?"]
[White "Salazar Moran, Alejandro Fortunato"]
[Black "Odunaiya, David"]
[Result "1-0"]
[WhiteElo "1584"]
[BlackElo "1361"]
[PlyCount "65"]
[EventDate "2010.10.17"]
[EventType "tourn (corr)"]
[EventRounds "4"]
[EventCountry "GER"]
[SourceTitle "Telechess CBM 145"]
[Source "Chessbase"]
[SourceDate "2011.11.11"]
[SourceVersion "1"]
[SourceVersionDate "2011.11.11"]
[SourceQuality "1"]

1. e4 c5 2. Nf3 d6 3. d4 cxd4 4. Nxd4 Nf6 5. Nc3 g6 6. Bg5 Bg7 7. Qd2 h6 8. Be3 Ng4 9. 0-0-0 Nxe3 10. Qxe3 Nc6 11. Bb5 Bd7 12. Nf3 Qa5 13. Bxc6 bxc6 14. e5 d5 15. Nd4 e6 16. Nb3 Qb6 17. Nc5 Bc8 18. N3a4 Qa5 19. Rhe1 Rb8 20. Rd4 0-0 21. Nb3 Qb5 22. Nac5 Rd8 23. Ra4 a6 24. h4 Bf8 25. Qc3 d4 26. Rxd4 Rxd4 27. Qxd4 Bxc5 28. Qxc5 Qxc5 29. Nxc5 Rb5 30. Ne4 Kf8 31. Nd6 Bd7 32. Nxb5 cxb5 33. Rd1 1-0